[Event "Poti Aleksandria Cup-B 8th"]
[White "Martirosyan, Mamikon"]
[Black "Bechvaia, Gabriel"]
[Site "Poti"]
[Round "8"]
[Result "1/2-1/2"]
[Date "2013.07.19"]
[WhiteElo "1939"]
[BlackElo "1830"]
[PlyCount "133"]
[EventDate "2013.07.13"]
[EventType "swiss"]
[EventRounds "9"]
[EventCountry "GEO"]
[SourceTitle "EXT 2014"]
[Source "ChessBase"]
[SourceDate "2013.11.20"]
[SourceVersion "1"]
[SourceVersionDate "2013.11.20"]
[SourceQuality "1"]

1. e4 c5 2. c3 Nf6 3. e5 Nd5 4. d4 cxd4 5. cxd4 e6 6. Nc3 d6 7. Nxd5 exd5 8. Nf3 dxe5 9. Nxe5 Bb4+ 10. Bd2 Qa5 11. Rc1 Nd7 12. a3 Bxd2+ 13. Qxd2 Qxd2+ 14. Kxd2 Nxe5 15. dxe5 Bd7 16. Rc5 Be6 17. Bb5+ Kd8 18. Ke3 Rc8 19. Rhc1 Rxc5 20. Rxc5 Rf8 21. f4 f6 22. Kd4 fxe5+ 23. Kxe5 Bg8 24. g3 Rf6 25. Rc2 Re6+ 26. Kd4 Re4+ 27. Kc3 Kc7 28. Bd3 Re8 29. Kd4+ Kd6 30. Bf5 g6 31. Rc8 Rxc8 32. Bxc8 b6 33. Bg4 Bf7 34. Bf3 Be6 35. b4 a6 36. g4 h6 37. Be2 a5 38. h4 axb4 39. axb4 Bd7 40. Bf3 Be6 41. Be2 Bd7 42. g5 hxg5 43. fxg5 Be8 44. Bf3 Bf7 45. b5 Be6 46. h5 gxh5 47. Bxh5 Bg8 48. Bf3 Bf7 49. Bg2 Bg8 50. Bh3 Bh7 51. Bg2 Bg8 52. Bf1 Bh7 53. Bg2 Bg8 54. g6 Be6 55. Bf1 Bd7 56. Be2 Bf5 57. Bd3 Be6 58. Bc2 Bg8 59. Bf5 Ke7 60. Ke5 d4 61. Bd3 Bb3 62. Kxd4 Kf6 63. Bc4 Ba4 64. Bd3 Bb3 65. Bb1 Bd1 66. Kd5 Bf3+ 67. Kd6 1/2-1/2

[Event "Poti Aleksandria Cup-B 8th"]
[White "Kokaia, Guram"]
[Black "Martirosyan, Mamikon"]
[Site "Poti"]
[Round "3"]
[Result "0-1"]
[Date "2013.07.15"]
[WhiteElo "1809"]
[BlackElo "1939"]
[PlyCount "34"]
[EventDate "2013.07.13"]
[EventType "swiss"]
[EventRounds "9"]
[EventCountry "GEO"]
[SourceTitle "EXT 2014"]
[Source "ChessBase"]
[SourceDate "2013.11.20"]
[SourceVersion "1"]
[SourceVersionDate "2013.11.20"]
[SourceQuality "1"]

1. e4 e6 2. d4 d5 3. Nd2 c5 4. exd5 exd5 5. Ngf3 Nf6 6. Bb5+ Bd7 7. Bxd7+ Nbxd7 8. 0-0 Be7 9. dxc5 Nxc5 10. Nd4 0-0 11. N2f3 Re8 12. Nf5 Bf8 13. Bf4 Qd7 14. Ne3 Rac8 15. b4 Nce4 16. Ne5 Qe6 17. Nd3 d4 0-1